000 00535nam a2200181 i 4500
001 23426
003 ES-MaACL
005 20250810063023.0
007 t|
008 021210s1973 sp ||||1| spa d
100 1 _aÁlvarez-Gendín, Sabino,
_d1895-1983
_920820
245 1 0 _aTratado general de Derecho Administrativo /
_cSabino Alvarez-Gendín.
260 _aBarcelona :
_bBosch,
_c[1973]
300 _a480 p. ;
_c24 cm.
505 8 _aContiene: T. III.
852 _aES-MaACL
_jE-4959
_bR.88918
999 _c23426
_d23426